Statistiques concernant Lethal Company- Les créatures

Cliquez ici pour prendre le quiz!

Statistiques générales

  • Ce quiz a été pris 37 fois
    (7 depuis la dernière actualisation)
  • Le résultat moyen est 8 sur 24

Statistiques - réponses

Lieux d'apparitionCréatures% Correct
Bracken
80%
Extérieur (Général)Chien sans yeux
60%
Extérieur(Jour)Abeille électrique
40%
Bouffon
40%
Casse-noisette
40%
Faucon-Babouin
40%
AutresFille Fantôme
40%
Gardien de la Forêt
40%
Léviathan de Terre
40%
Manticoil
40%
Masqué
40%
Serpent tulipe
40%
Thumper
40%
Araignée de Bunker
20%
Criquet errant
20%
Homme-Lasso
20%
Hygrodère
20%
Insecte syllogomane
20%
Lézard à Spore
20%
Majordome
20%
???Monstre de l'Entreprise
20%
IntérieurPuce piégeuse
20%
Tête-à-ressort
20%
Vieil Oiseau
20%

Distribution des résultats

Percentile par nombre de réponses

% des personnes avec chaque résultat

Votre développement - résultats

Vous n’avez pas pris ce quiz depuis la dernière actualisation